Gesellschaftsspiele, die jeder kennt - Statistiken

Allgemein
  • Dieses Quiz wurde 1.604 mal gespielt
  • Das Durchschnittsergebnis liegt bei 11 aus 16
Antwortstatistiken
Bildquiz Antwort % Korrekt
Mikado
95%
Memory
94%
Mensch ärgere dich nicht
92%
Kniffel
91%
Mühle
90%
Jenga
85%
Spiel des Lebens
84%
Scrabble
80%
Lotti Karotti
72%
Halli Galli
65%
Doktor Bibber
55%
Trivial Pursuit
52%
Skip-bo
50%
Wer ist es?
47%
Ubongo
35%
Sagaland
22%
Keine übereinstimmenden Quizze gefunden
Verteilung der Resultate
Anzahl Personen mit jedem Resultat
Perzentil nach korrekt beantworteten Fragen
Ihre Resultats-Entwicklung
Sie haben dieses Quiz noch nicht gespielt